Linear algebra and matrix theory

Wedi'i Gadw mewn:
Manylion Llyfryddiaeth
Prif Awdur: Stoll, Robert R (Awdur)
Fformat: Llyfr
Iaith:Saesneg
Cyhoeddwyd: Nueva York McGraw-Hill 1952
Cyfres:International series in Pure and Applied Mathematics
Pynciau:
Tagiau: Ychwanegu Tag
Dim Tagiau, Byddwch y cyntaf i dagio'r cofnod hwn!

MARC

LEADER 00000nam a2200000 a 4500
001 UCN7747
003 CL-VaPUC
008 011026e19520000US |||||||||||||||||eng|d
082 0 4 |a 512.5  |b STO  |2 21 
100 0 |a Stoll, Robert R  |e author  |9 463792 
245 1 0 |a Linear algebra and matrix theory 
300 |a 272 p 
942 |c BK 
945 |d 20011026 00:00:00  |a cmena 
260 |a Nueva York  |b McGraw-Hill  |c 1952 
650 0 |a Álgebra lineal   |9 260445 
650 7 |a TEORIA DE MATRICES  |2 CL-VaPUC  |9 463793 
650 0 |a Teoría de números  |9 265327 
583 |a last modification  |c 20011026 00:00:00  |k Rodrigo Vera 
490 0 |a International series in Pure and Applied Mathematics 
999 |c 297956  |d 297954 
952 |0 0  |1 0  |4 0  |6 512_500000000000000_STO_1952  |7 0  |8 A  |9 353016  |a BIBMAT  |b BIBMAT  |d 2019-11-21  |i 3681785  |o 512.5 STO 1952  |p 3681785  |r 2025-01-07  |w 2019-11-21  |y BK  |k MAT